|
|
|
|
| LEADER |
00000nkm a2200000 a 4500 |
| 001 |
vtls010182230 |
| 003 |
SK-MaSNL |
| 005 |
20260301051320.0 |
| 007 |
kf co |
| 008 |
200623q1905 hu 000 g knhun |
| 015 |
|
|
|a SNBG
|
| 040 |
|
|
|a SNK
|b slo
|c SNK
|e AACR2
|
| 041 |
0 |
|
|a hun
|
| 043 |
|
|
|a e-xo---
|
| 044 |
|
|
|a hu
|c HU
|
| 072 |
|
7 |
|a 913
|x Regionálna geografia
|2 konspekt
|
| 080 |
|
|
|a 913(437.6)
|2 2011
|
| 080 |
|
|
|a (084.121)
|2 2011
|
| 080 |
|
|
|a 721
|2 2011
|
| 245 |
0 |
0 |
|a Lipótvár - Fegyintézet
|h grafika
|
| 260 |
|
|
|a Budapest
|b Vasúti Levelezőlapárusitás
|c [medzi 1905 a 1945?]
|
| 300 |
|
|
|a 1 pohľadnica
|b kolorovaná
|c 9 x 14 cm
|
| 520 |
8 |
|
|a Zobrazenie: pohľad od cestičky popod železnicu na budovu zbrojnice za vysokými topoľmi
|
| 650 |
0 |
7 |
|a budovy
|2 SNKPH
|9 1283
|
| 651 |
|
7 |
|a Slovensko
|2 SNKPH
|
| 651 |
|
7 |
|a Leopoldov (Slovensko)
|2 SNKPHgeo
|9 51315
|
| 655 |
|
7 |
|a miestne pohľadnice
|2 SNKPH
|9 70510
|
| 752 |
|
7 |
|a Maďarsko
|d Budapešť
|
| 958 |
|
|
|a OND
|
| 958 |
|
|
|a GBN
|
| 958 |
|
|
|a GC
|
| 999 |
|
|
|c 603021
|d 604951
|
| 952 |
|
|
|a SNK
|b SNK
|y PREZ
|7 0
|p 17A0671854
|o snkSP 16862
|0 0
|1 0
|4 0
|d 2010-10-22
|f 1
|l 0
|r 2026-02-23 16:00:03
|w 2026-02-23
|